000 00443nam a2200181Ia 4500
003 GCL
008 140319s9999 xx 000 0 eng d
040 _aGCL /
_cGCL
082 0 4 _a759
_bV T
100 1 _aVISANI, MARIA CIONINI
245 1 0 _aTOULOUSE LAUTREC /
_cVISANI, MARIA CIONINI
260 _a[S.N] :
_bTHAMES AND HUDSON ،
_c1989
300 _a78 P
650 0 4 _aLAUTREC
650 0 4 _aARTS
650 0 4 _aPAINTING
942 _2ddc
_cBK
999 _c20928
_d20928